|
|
|
|
| LEADER |
00758nam a2200229 u 4500 |
| 001 |
10009580 |
| 003 |
upatras |
| 005 |
20210117204204.0 |
| 008 |
881025s1994 us eng |
| 020 |
|
|
|a 0801672376
|
| 040 |
|
|
|a GR-PaULI
|c GR-PaULI
|
| 041 |
0 |
|
|a eng
|
| 100 |
1 |
|
|a Chestnut, David H.
|9 124827
|
| 245 |
1 |
0 |
|a Obstetric anesthesia
|b principles and practice
|c David H. Chestnut
|
| 260 |
|
|
|a Baltimore
|b Mosby
|c 1994
|
| 300 |
|
|
|a xv, 1040 p.
|b fig.
|c 24 cm
|
| 505 |
1 |
|
|a Includes index
|
| 650 |
|
4 |
|a Αναισθησιολογία
|9 31017
|
| 852 |
|
|
|a GR-PaULI
|b ΠΑΤΡΑ
|b ΙΑΤΡΙΚΗ
|k ΑΣΧΞ
|m 28868
|t 1
|
| 942 |
|
|
|2 ddc
|c BK15
|
| 952 |
|
|
|0 0
|1 0
|4 0
|7 0
|9 137871
|a MEDI
|b MEDI
|d 2016-04-24
|i 28868
|l 0
|r 2016-04-24 00:00:00
|t 1
|w 2016-04-24
|y BK15
|
| 999 |
|
|
|c 90250
|d 90250
|